<?xml version="1.0" encoding="UTF-8"?>
<collection xmlns="http://www.loc.gov/MARC21/slim">
 <record>
  <leader>01227nam a22001691  4500</leader>
  <controlfield tag="001">1/19108</controlfield>
  <controlfield tag="008">020418s1978    gr            000 0 gre d</controlfield>
  <datafield tag="035" ind1=" " ind2=" ">
   <subfield code="l">19672</subfield>
  </datafield>
  <datafield tag="040" ind1=" " ind2=" ">
   <subfield code="a">GR-PeUP</subfield>
  </datafield>
  <datafield tag="082" ind1="0" ind2="0">
   <subfield code="a">388.041 ΣΧ</subfield>
  </datafield>
  <datafield tag="245" ind1="1" ind2="0">
   <subfield code="a">Σχεδιασμός, οργάνωση και εκτέλεση των διεθνών μεταφορών /</subfield>
   <subfield code="c">επιμ. Πατρινού Δημητρίου Θ.</subfield>
  </datafield>
  <datafield tag="260" ind1=" " ind2=" ">
   <subfield code="a">Αθήνα :</subfield>
   <subfield code="b">[χ.ό.],</subfield>
   <subfield code="c">1978</subfield>
  </datafield>
  <datafield tag="300" ind1=" " ind2=" ">
   <subfield code="a">1 τ. :</subfield>
   <subfield code="b">εικ. ;</subfield>
   <subfield code="c">30 εκ.</subfield>
  </datafield>
  <datafield tag="500" ind1=" " ind2=" ">
   <subfield code="a">Σειρά επιμορφωτικών διαλέξεων διοργανωθέντων υπό του συνδέσμου διεθνών διαμεταφορικών Ελλάδος προς τα στελέχη των επιχειρήσεων διεθνών μεταφορών,κατά την περίοδο Μαϊου και Οκτωβρίου-Δεκεμβρίου 1977 εις το ΕΒΕ Αθηνών και κατά την περίοδο Ιανουαρίου 1978 εις το ΕΒΕ Θεσσαλονίκης</subfield>
  </datafield>
  <datafield tag="650" ind1=" " ind2="4">
   <subfield code="a">Μεταφορές.</subfield>
  </datafield>
  <datafield tag="700" ind1="1" ind2=" ">
   <subfield code="a">Πατρινός, Δημήτριος Θ,</subfield>
   <subfield code="e">επιμ.</subfield>
  </datafield>
  <datafield tag="852" ind1=" " ind2=" ">
   <subfield code="a">INST</subfield>
   <subfield code="b">UNIPILB</subfield>
   <subfield code="c">MAIN</subfield>
   <subfield code="e">20040709</subfield>
   <subfield code="h">388.041 ΣΧ</subfield>
   <subfield code="p">00138631</subfield>
   <subfield code="q">00138631</subfield>
   <subfield code="t">LOAN</subfield>
   <subfield code="y">0</subfield>
   <subfield code="4">1</subfield>
  </datafield>
 </record>
</collection>
